000 00870nam a22002537a 4500
001 7317
003 FISKH
005 20250709112408.0
008 250709b cb ||||| |||| 00| 0 eng d
020 _a9780544054004
040 _aFISKH
_beng
_cFISKH
_dFISKH
050 _aPZ8.F387 O
082 _a398.2
100 _aFerris, Jean
_d(1939–2015)
245 _aOnce upon a marigold /
_cJean Ferris
250 _aThis edition first published in 2002
260 _aNew York :
_bHougton,
_c2002
300 _a282 pages :
_c20 cm
520 _aA young man with a mysterious past and a penchant for inventing things leaves the troll who raised him, meets an unhappy princess he has loved from afar, and discovers a plot against her and her father.
650 _2Humor
_aYoung adult
650 _2Fairy tale
_aYoung adult fiction
942 _2ddc
_cBK
_n0
999 _c7317
_d7317